[Event "5. Nord-West-Cup"]
[Site "?"]
[Date "2003.??.??"]
[Round "3"]
[White "Leppert, Hans-Jürgen"]
[Black "Wichelmann, Martin"]
[Result "1/2-1/2"]
[WhiteElo "1822"]
[BlackElo "2119"]
[PlyCount "43"]

1. d4 Nf6 2. Bg5 Ne4 3. Bf4 d5 4. e3 Bf5 5. Nd2 e6 6. Ngf3 Bd6 7. Bxd6 Nxd6 8.
c4 c6 9. c5 Ne4 10. Nxe4 Bxe4 11. Bd3 Bxd3 12. Qxd3 Nd7 13. b4 a6 14. O-O Qf6
15. a4 O-O 16. b5 axb5 17. axb5 e5 18. Rxa8 Rxa8 19. Qb3 exd4 20. exd4 Qd8 21.
bxc6 bxc6 22. h3 1/2-1/2

[Event "5. Nord-West-Cup"]
[Site "?"]
[Date "2003.??.??"]
[Round "3"]
[White "Potthammel, Jörg"]
[Black "Petzold, Golo"]
[Result "1-0"]
[WhiteElo "2107"]
[BlackElo "1824"]
[PlyCount "53"]

1. e4 c6 2. d4 d5 3. e5 Bf5 4. Nf3 e6 5. Be2 Nd7 6. O-O Ne7 7. Be3 c5 8. c4
cxd4 9. Nxd4 Bxb1 10. Rxb1 Nxe5 11. Qa4+ Qd7 12. Nb5 N5c6 13. Rfd1 Rc8 14. Bf3
a6 15. cxd5 Nxd5 16. Nc3 Nce7 17. Qb3 Qc7 18. Nxd5 Nxd5 19. Bxd5 exd5 20. Qxd5
Rd8 21. Qe4+ Be7 22. Rxd8+ Kxd8 23. Rd1+ Ke8 24. Rc1 Qd7 25. Bc5 Kd8 26. Bxe7+
Qxe7 27. Rc8+ 1-0

[Event "5. Nord-West-Cup"]
[Site "?"]
[Date "2003.??.??"]
[Round "3"]
[White "Kerski, Björn-Ole"]
[Black "Jordan, Jürgen"]
[Result "0-1"]
[WhiteElo "1805"]
[BlackElo "2094"]
[PlyCount "92"]

1. d4 Nf6 2. Nf3 e6 3. Bg5 c5 4. c3 Be7 5. Nbd2 d5 6. e3 Nbd7 7. Bd3 O-O 8. O-O
Qc7 9. Qe2 e5 10. dxe5 Nxe5 11. Bf4 Bd6 12. Nxe5 Bxe5 13. Bxe5 Qxe5 14. e4 dxe4
15. Nxe4 Nxe4 16. Qxe4 Qxe4 17. Bxe4 Be6 18. b3 Rab8 19. Rfd1 f5 20. Bd5 Kf7
21. Rd2 b6 22. Bxe6+ Kxe6 23. Rad1 Rb7 24. f4 Re8 25. Kf2 Kf6 26. Rd6+ Re6 27.
Rxe6+ Kxe6 28. Rd8 b5 29. Ke3 g6 30. Rc8 Kd5 31. Kd3 a6 32. Rd8+ Kc6 33. g3
Rd7+ 34. Rxd7 Kxd7 35. c4 b4 36. Ke3 Ke6 37. Kf3 Kf6 38. h4 Kg7 39. h5 Kh6 40.
hxg6 Kxg6 41. Kg2 Kh5 42. Kh3 h6 43. Kh2 Kg4 44. Kg2 h5 45. Kh2 h4 46. gxh4
Kxh4 0-1

[Event "5. Nord-West-Cup"]
[Site "?"]
[Date "2003.??.??"]
[Round "3"]
[White "Behl, Torsten"]
[Black "Rachut, Steffen"]
[Result "1/2-1/2"]
[WhiteElo "2094"]
[BlackElo "1813"]
[PlyCount "42"]

1. e4 c5 2. Nf3 d6 3. d4 cxd4 4. Nxd4 Nf6 5. Nc3 a6 6. Be3 e5 7. Nb3 Be6 8. Nd5
Nxd5 9. exd5 Bf5 10. c4 Nd7 11. Be2 Be7 12. O-O O-O 13. Qd2 a5 14. a4 Bg6 15.
f3 f5 16. c5 Nxc5 17. Qc3 b6 18. Nd2 Rc8 19. Nc4 Qc7 20. b4 axb4 21. Qxb4 f4
1/2-1/2

[Event "5. Nord-West-Cup"]
[Site "?"]
[Date "2003.??.??"]
[Round "3"]
[White "Hilverda, Alexander"]
[Black "Boss, Igor"]
[Result "1/2-1/2"]
[WhiteElo "2083"]
[BlackElo "1806"]
[PlyCount "73"]

1. e4 c5 2. Nf3 e6 3. d4 cxd4 4. Nxd4 a6 5. Nc3 Qc7 6. Bd3 Nf6 7. O-O b5 8. Kh1
Bb7 9. Qe1 Nc6 10. Nb3 Be7 11. f4 d6 12. Be3 Ng4 13. Bg1 h5 14. h3 Nh6 15. a4
b4 16. Nd1 Bf6 17. c3 bxc3 18. Nxc3 Nb4 19. Qd2 Nxd3 20. Qxd3 O-O 21. Rac1 Qd7
22. e5 Qc6 23. Qe2 dxe5 24. fxe5 Bxe5 25. Na5 Nf5 26. Bh2 Qxg2+ 27. Qxg2 Bxg2+
28. Kxg2 Ne3+ 29. Kh1 Bxc3 30. bxc3 Nxf1 31. Rxf1 Rac8 32. Bd6 Rfd8 33. Bb4 Rd3
34. Kg2 h4 35. Rf3 Rd5 36. c4 Rd1 37. Be7 1/2-1/2

[Event "5. Nord-West-Cup"]
[Site "?"]
[Date "2003.??.??"]
[Round "3"]
[White "Adam, Detlef"]
[Black "Hammer, Klaus"]
[Result "1/2-1/2"]
[WhiteElo "2066"]
[BlackElo "1803"]
[PlyCount "58"]

1. e4 c5 2. c3 e6 3. d4 d5 4. exd5 exd5 5. Nf3 Bd6 6. Be3 c4 7. b3 cxb3 8. Qxb3
Ne7 9. Bd3 O-O 10. O-O Nbc6 11. Re1 Qc7 12. Nbd2 Na5 13. Qc2 h6 14. h3 Bd7 15.
Ne5 Rac8 16. Nxd7 Qxd7 17. Qb2 Rc7 18. Rac1 Nc8 19. c4 dxc4 20. Nxc4 Nxc4 21.
Rxc4 Nb6 22. Rxc7 Bxc7 23. Bf1 Nd5 24. g3 Bb6 25. Bd2 Rc8 26. Rc1 Rxc1 27. Bxc1
Ne7 28. Be3 Nf5 29. Bg2 Nxd4 1/2-1/2

[Event "5. Nord-West-Cup"]
[Site "?"]
[Date "2003.??.??"]
[Round "3"]
[White "Aßmus, Sven"]
[Black "Gudat, Alfons"]
[Result "1-0"]
[WhiteElo "1719"]
[BlackElo "2063"]
[PlyCount "53"]

1. c4 f5 2. Nc3 Nf6 3. d4 g6 4. g3 Bg7 5. Bg2 c6 6. Bg5 O-O 7. Qb3 h6 8. Bxf6
Bxf6 9. e3 Kh7 10. Nge2 d6 11. O-O-O Qb6 12. h4 e5 13. Qa3 Rd8 14. g4 Na6 15.
g5 Bg7 16. gxh6 Bf8 17. Qb3 Qxb3 18. axb3 Bd7 19. Bh3 Nb4 20. e4 Bxh6+ 21. Kb1
Be6 22. h5 gxh5 23. Bxf5+ Bxf5 24. exf5 Rg8 25. Ne4 Rgd8 26. Rxh5 d5 27. Ng5+
1-0

[Event "5. Nord-West-Cup"]
[Site "?"]
[Date "2003.??.??"]
[Round "3"]
[White "Fehsenfeld, Frithjof"]
[Black "Campe, Uwe"]
[Result "1-0"]
[WhiteElo "2062"]
[BlackElo "1765"]
[PlyCount "69"]

1. d4 d5 2. c4 e6 3. Nf3 c5 4. e3 Nc6 5. Nc3 Nf6 6. Be2 Be7 7. O-O O-O 8. b3
cxd4 9. exd4 b6 10. Bb2 Bb7 11. Rc1 Rc8 12. Bd3 dxc4 13. bxc4 Nb4 14. a3 Nxd3
15. Qxd3 Bxf3 16. gxf3 a6 17. Ne4 Qc7 18. d5 Nxe4 19. fxe4 Qf4 20. Qg3 Qxg3+
21. hxg3 Bc5 22. Rfd1 exd5 23. cxd5 Rfe8 24. e5 Rcd8 25. Kg2 Rd7 26. a4 Red8
27. d6 f6 28. f4 fxe5 29. fxe5 Kf7 30. a5 Ke6 31. axb6 Bxb6 32. Rc6 Rb8 33. Bc3
Rf7 34. d7+ Ke7 35. Rxb6 1-0

[Event "5. Nord-West-Cup"]
[Site "?"]
[Date "2003.??.??"]
[Round "3"]
[White "Teixeira, Jose"]
[Black "Wahrenberg, Ralf"]
[Result "1-0"]
[WhiteElo "1750"]
[BlackElo "2058"]
[PlyCount "91"]

1. e4 e5 2. Bb5 Nf6 3. d4 Nxe4 4. Qe2 Nd6 5. Qxe5+ Be7 6. Bd3 O-O 7. Nf3 Bf6 8.
Qf4 Nc6 9. c3 Ne7 10. O-O Ng6 11. Qg3 b6 12. Ne5 Bb7 13. Nxg6 fxg6 14. Bf4 Bh4
15. Qg4 Be7 16. Nd2 Rxf4 17. Qxf4 Bg5 18. Qg4 Bxd2 19. f4 Qe7 20. Kh1 Qe3 21.
Bc2 Rf8 22. Qxd7 Qe2 23. Qh3 Bxf4 24. Bb3+ Kh8 25. Rae1 Qxb2 26. Kg1 Ne4 27. d5
Bc8 28. Rxf4 Nf6 29. Qe3 Qa3 30. Qe7 Qxe7 31. Rxe7 Rd8 32. Rxc7 a5 33. d6 Bf5
34. Rb7 h5 35. Rxb6 Ne4 36. c4 Rxd6 37. Rxd6 Nxd6 38. Rd4 Ne4 39. Rd5 a4 40.
Ra5 axb3 41. axb3 Nf6 42. Ra8+ Kh7 43. b4 Bd3 44. Rc8 Nd7 45. Rd8 Ne5 46. Rd5
1-0

[Event "5. Nord-West-Cup"]
[Site "?"]
[Date "2003.??.??"]
[Round "3"]
[White "Janssen, Volker"]
[Black "Campe, Herbert"]
[Result "1/2-1/2"]
[WhiteElo "2058"]
[BlackElo "1746"]
[PlyCount "83"]

1. e4 c5 2. c3 d5 3. exd5 Qxd5 4. Nf3 Nc6 5. Na3 Nf6 6. Be2 g6 7. O-O Bg7 8. d4
cxd4 9. Nb5 Qd8 10. Nfxd4 Bd7 11. Bf3 a6 12. Nxc6 bxc6 13. Nd4 Rc8 14. Nb3 O-O
15. Qe2 a5 16. Nc5 Re8 17. Bg5 Qc7 18. Rad1 Rcd8 19. Rfe1 h6 20. Nxd7 Rxd7 21.
Bh4 g5 22. Bg3 Qc8 23. Rxd7 Nxd7 24. Qc4 c5 25. Qb5 f5 26. Bc6 Rd8 27. f4 Nb8
28. Qc4+ Kh8 29. Bd5 Bf6 30. fxg5 hxg5 31. Be6 Qb7 32. Bxf5 Kg7 33. Qe2 Rh8 34.
Be5 Nc6 35. Bxf6+ exf6 36. Be4 Re8 37. Qh5 Rxe4 38. Rxe4 Qxb2 39. Qe2 Qxc3 40.
Re3 Qd4 41. Kh1 c4 42. Re4 1/2-1/2

[Event "5. Nord-West-Cup"]
[Site "?"]
[Date "2003.??.??"]
[Round "3"]
[White "Lammers, Philipp"]
[Black "Rychlik, Kurt"]
[Result "1-0"]
[WhiteElo "1657"]
[BlackElo "2058"]
[PlyCount "61"]

1. d4 g6 2. e4 Bg7 3. Nc3 d6 4. Be3 Nf6 5. f3 O-O 6. Qd2 Nc6 7. O-O-O e5 8.
Nge2 exd4 9. Nxd4 Re8 10. g4 Ne5 11. Be2 a6 12. h4 h5 13. Bg5 hxg4 14. f4 Nf3
15. Nxf3 gxf3 16. Bxf3 Qd7 17. h5 Nxh5 18. Bxh5 gxh5 19. Rxh5 Qc6 20. Rg1 Kf8
21. Qh2 f6 22. Rh8+ Ke7 23. Nd5+ Kd8 24. Bxf6+ Bxf6 25. Nxf6 Bd7 26. Nxe8 Bxe8
27. Rgg8 Ke7 28. Qh7+ Ke6 29. Rg6+ Bxg6 30. Qxg6+ Ke7 31. Qg7+ 1-0

[Event "5. Nord-West-Cup"]
[Site "?"]
[Date "2003.??.??"]
[Round "3"]
[White "Zotin, Vladimir"]
[Black "Kohlmann, Christian"]
[Result "0-1"]
[WhiteElo "2051"]
[BlackElo "1719"]
[PlyCount "75"]

1. e4 c5 2. Nf3 d6 3. c3 Nc6 4. Bb5 e6 5. Bxc6+ bxc6 6. O-O Be7 7. d4 cxd4 8.
cxd4 Nf6 9. Nc3 O-O 10. Bg5 d5 11. e5 Nd7 12. Bxe7 Qxe7 13. Rc1 c5 14. Re1 Ba6
15. Qa4 Bd3 16. dxc5 Nxc5 17. Qd4 Be4 18. Nd2 Nd3 19. Ndxe4 dxe4 20. Nxe4 Nxe1
21. Rxe1 a5 22. b3 Qb4 23. Qe3 a4 24. Qe2 axb3 25. axb3 Qxb3 26. h3 Ra2 27. Qg4
Qc2 28. Re3 Ra1+ 29. Kh2 Qd1 30. Rf3 Qh1+ 31. Kg3 Rg1 32. Kh4 Rxg2 33. Qh5 h6
34. Ng3 Qe1 35. Rf4 g5+ 36. Kg4 Rxg3+ 37. fxg3 gxf4 38. Qxh6 0-1

[Event "5. Nord-West-Cup"]
[Site "?"]
[Date "2003.??.??"]
[Round "3"]
[White "Segelken, Peter"]
[Black "Haase, Sven"]
[Result "1/2-1/2"]
[WhiteElo "2009"]
[BlackElo "1652"]
[PlyCount "101"]

1. d4 Nf6 2. Nc3 d5 3. Bg5 Bf5 4. f3 Nc6 5. e3 e6 6. a3 Be7 7. Bb5 O-O 8. h4 h6
9. Bf4 Nh5 10. g3 Nxf4 11. exf4 Bf6 12. Nge2 a6 13. Bd3 Nxd4 14. Bxf5 Nxf5 15.
Qd2 d4 16. Ne4 Ne3 17. Rc1 Nf5 18. Kf2 Qe7 19. h5 Rad8 20. Nxf6+ Qxf6 21. g4
Ne3 22. Rcg1 Kh8 23. g5 hxg5 24. Rxg5 Rd5 25. Rxd5 Nxd5 26. Qxd4 Qxd4+ 27. Nxd4
Nxf4 28. Kg3 Nd5 29. c4 Ne3 30. Rc1 Rd8 31. Kf2 Rxd4 32. Kxe3 Rd7 33. b4 b6 34.
a4 Kh7 35. c5 b5 36. axb5 axb5 37. Ra1 c6 38. Ra6 Rc7 39. Ra8 Kh6 40. Rh8+ Kg5
41. f4+ Kf5 42. Rh7 Kf6 43. Rh8 e5 44. h6 exf4+ 45. Kxf4 gxh6 46. Rxh6+ Ke7 47.
Rd6 Kf8 48. Kf5 Kg7 49. Rf6 Kf8 50. Rd6 Ke7 51. Kf4 1/2-1/2

[Event "5. Nord-West-Cup"]
[Site "?"]
[Date "2003.??.??"]
[Round "3"]
[White "Böhme, Arne"]
[Black "Hoppe, Dieter"]
[Result "1-0"]
[WhiteElo "1982"]
[BlackElo "1389"]
[PlyCount "67"]

1. e4 e6 2. d4 d5 3. Nc3 c5 4. exd5 exd5 5. Nf3 Nf6 6. Be2 Be7 7. O-O O-O 8.
Bg5 cxd4 9. Nxd4 Nc6 10. Bf3 h6 11. Bh4 Ne5 12. Re1 Nxf3+ 13. Qxf3 Bg4 14. Qd3
a6 15. h3 Bh5 16. Nf5 Bb4 17. Bxf6 Qxf6 18. Nxd5 Qxb2 19. Rab1 Qa3 20. Nxb4
Qxd3 21. Nxd3 b5 22. Ne7+ Kh7 23. f4 f6 24. g4 Bf7 25. a3 Rfd8 26. Rbd1 Rd4 27.
Nf5 Ra4 28. Re7 Rf8 29. Nc5 Rxa3 30. Nd7 Rc8 31. Rxf7 Rxh3 32. Rxg7+ Kh8 33.
Nxf6 Rg3+ 34. Kh2 1-0

[Event "5. Nord-West-Cup"]
[Site "?"]
[Date "2003.??.??"]
[Round "3"]
[White "Reininga, Jannes"]
[Black "Schebitz, Stephan"]
[Result "0-1"]
[WhiteElo "1630"]
[BlackElo "2180"]
[PlyCount "30"]

1. d4 f5 2. g3 Nf6 3. c4 g6 4. Bg2 Bg7 5. Nc3 c6 6. Nf3 d6 7. O-O O-O 8. Re1
Nbd7 9. Qc2 e5 10. dxe5 dxe5 11. b3 f4 12. Bb2 e4 13. Ng5 e3 14. Nce4 exf2+ 15.
Kf1 Ng4 0-1

[Event "5. Nord-West-Cup"]
[Site "?"]
[Date "2003.??.??"]
[Round "3"]
[White "Park, Heiko"]
[Black "Eickelkamp, Jan"]
[Result "1-0"]
[WhiteElo "2034"]
[BlackElo "1572"]
[PlyCount "97"]

1. f4 d5 2. Nf3 c5 3. e3 Nf6 4. b3 g6 5. Bb2 Bg7 6. Be2 O-O 7. O-O a6 8. a4 Nc6
9. Qc1 Bg4 10. Nc3 d4 11. Nd1 Ne8 12. Nf2 Bxf3 13. Bxf3 f5 14. Bxc6 bxc6 15.
Rb1 Nd6 16. Nd3 c4 17. Ne5 cxb3 18. Bxd4 Bxe5 19. fxe5 bxc2 20. Qxc2 Ne4 21. d3
c5 22. Bb2 Ng5 23. Qc4+ e6 24. Rfd1 Qd5 25. Qxd5 exd5 26. Ba3 Rfc8 27. h4 Ne6
28. Rb6 Kf7 29. Rb7+ Kg8 30. Rc1 Rab8 31. Rxb8 Rxb8 32. Bxc5 Rc8 33. d4 f4 34.
Kf2 Kf7 35. Kf3 g5 36. hxg5 fxe3 37. Kxe3 Kg6 38. Rf1 Rc6 39. Be7 Nxg5 40. Bxg5
Kxg5 41. Kd3 Rb6 42. a5 Rb3+ 43. Kc2 Re3 44. Kd2 Re4 45. Kd3 Rg4 46. Rf2 Rg3+
47. Rf3 Rxg2 48. e6 Rg4 49. Re3 1-0

[Event "5. Nord-West-Cup"]
[Site "?"]
[Date "2003.??.??"]
[Round "3"]
[White "Krabbe-Rachut, Helmut"]
[Black "Bienhüls, Michael"]
[Result "1-0"]
[WhiteElo "1705"]
[BlackElo "1919"]
[PlyCount "91"]

1. e4 c5 2. Nf3 Nc6 3. d4 cxd4 4. c3 dxc3 5. Nxc3 d6 6. Bc4 e6 7. O-O Nf6 8.
Qe2 Be7 9. Rd1 e5 10. h3 O-O 11. Be3 a6 12. a4 b6 13. b4 Qc7 14. Rab1 Bb7 15.
Nd5 Nxd5 16. exd5 Nb8 17. Rbc1 Qd8 18. Rc2 Nd7 19. Rdc1 Qe8 20. Bb3 Bd8 21. Ng5
h6 22. Ne4 Qe7 23. f4 f5 24. Ng3 exf4 25. Bxf4 g5 26. Qxe7 Bxe7 27. Bd2 f4 28.
Ne4 Rac8 29. Rc7 Rxc7 30. Rxc7 Bc8 31. Bc4 Re8 32. Bxa6 Bxa6 33. Rxd7 Bc8 34.
Rc7 Bf5 35. Nc3 Bf6 36. a5 bxa5 37. bxa5 Bd3 38. Rc6 Be5 39. Kf2 Ra8 40. Na4
Bb5 41. Nb6 Bxc6 42. dxc6 Ra7 43. Nd5 Kf7 44. c7 Ke6 45. c8=Q+ Kxd5 46. Ke2 1-0

[Event "5. Nord-West-Cup"]
[Site "?"]
[Date "2003.??.??"]
[Round "3"]
[White "Mader, Sascha"]
[Black "Janzen, Christian"]
[Result "0-1"]
[WhiteElo "1907"]
[BlackElo "1616"]
[PlyCount "84"]

1. e4 e5 2. Nf3 Nc6 3. d4 Nxd4 4. Nxe5 Ne6 5. Nc3 d6 6. Bb5+ c6 7. Nxc6 bxc6 8.
Bxc6+ Bd7 9. Bxa8 Qxa8 10. O-O Nf6 11. f4 Nxe4 12. f5 Nxc3 13. bxc3 Nc5 14. Bf4
Qc6 15. Bg3 Kd8 16. Rb1 Bc8 17. Rf4 Bb7 18. Qf1 Be7 19. Rd4 Kc8 20. Rbd1 Rd8
21. R1d2 Ba6 22. Qf4 g5 23. Qg4 f6 24. c4 Bf8 25. Qh5 Qc7 26. Qd1 Nb7 27. Qe2
Qd7 28. Qf3 Qc7 29. Qa3 Qb6 30. Bf2 Qc6 31. Qh3 Rd7 32. Qa3 Nc5 33. Bg3 Bb7 34.
Qxa7 Ba6 35. Qxd7+ Nxd7 36. Bxd6 Bxd6 37. Rxd6 Qxc4 38. Rd1 Nc5 39. Rxf6 Qxc2
40. Rf8+ Kc7 41. Rf7+ Kc6 42. Rd8 Qc4 0-1

[Event "5. Nord-West-Cup"]
[Site "?"]
[Date "2003.??.??"]
[Round "3"]
[White "Brandt, Wilhelm"]
[Black "Ungar, Benedict"]
[Result "1/2-1/2"]
[WhiteElo "1848"]
[BlackElo "1590"]
[PlyCount "128"]

1. d4 Nc6 2. c4 e5 3. d5 Nce7 4. e4 Ng6 5. Be3 Nf6 6. Bd3 Bb4+ 7. Nd2 O-O 8. a3
Be7 9. h3 d6 10. Ne2 h6 11. Nc3 Nh7 12. Qc2 a6 13. g3 Bg5 14. Bxg5 hxg5 15.
O-O-O g4 16. h4 Nf6 17. h5 Ne7 18. Nf1 Nd7 19. Ne3 Nc5 20. Be2 f5 21. Rh4 fxe4
22. b4 Nd3+ 23. Bxd3 exd3 24. Rxd3 Nf5 25. Rh2 Nd4 26. Qd1 Qg5 27. Ne4 Qh6 28.
Kb2 Nf3 29. Rh1 Bf5 30. Nxf5 Rxf5 31. c5 Raf8 32. cxd6 cxd6 33. Qc1 Qh7 34. Rc3
Nd4 35. Rc8 Rf3 36. Rxf8+ Rxf8 37. Re1 Qxh5 38. Re3 Qg6 39. Qc7 Nf5 40. Re2 Qf7
41. Rc2 Qxd5 42. Ng5 Nd4 43. Qc4 Qxc4 44. Rxc4 Rxf2+ 45. Kb1 Nb5 46. Rxg4 Nxa3+
47. Kc1 Nc4 48. Rxc4 d5 49. Rc8+ Rf8 50. Rc7 b5 51. Rd7 d4 52. g4 g6 53. Re7
Rf4 54. Rxe5 Rxg4 55. Ne4 Kf7 56. Nc5 Rg1+ 57. Kc2 Rg2+ 58. Kd3 Ra2 59. Kxd4 a5
60. bxa5 Rxa5 61. Ne4 Ra4+ 62. Kc5 Ra6 63. Kxb5 Ra1 64. Kc4 Rd1 1/2-1/2

[Event "5. Nord-West-Cup"]
[Site "?"]
[Date "2003.??.??"]
[Round "3"]
[White "Kohlmann, Arndt"]
[Black "Lukossek, Thomas"]
[Result "1/2-1/2"]
[WhiteElo "1273"]
[BlackElo "1750"]
[PlyCount "64"]

1. e4 e5 2. Nf3 Nc6 3. Bb5 a6 4. Ba4 Bc5 5. O-O d6 6. c3 b5 7. Bb3 Nf6 8. d3
O-O 9. Bg5 h6 10. Be3 Ba7 11. Nbd2 Qe7 12. a4 Bxe3 13. fxe3 Be6 14. axb5 axb5
15. h3 Na5 16. Bxe6 Qxe6 17. b4 Nb7 18. Qb3 Qd7 19. Rfe1 Qc6 20. Ra3 Rxa3 21.
Qxa3 Nd8 22. Rc1 Ne6 23. Ra1 Qb6 24. Qa7 Qc6 25. Nb1 Nd7 26. Qa3 Qb6 27. Qa7
Qc6 28. Qa3 d5 29. Nbd2 dxe4 30. Nxe4 f5 31. Nf2 f4 32. e4 Kh7 1/2-1/2

[Event "5. Nord-West-Cup"]
[Site "?"]
[Date "2003.??.??"]
[Round "3"]
[White "Toth, Hans-Jürgen"]
[Black "Titze, Karsten"]
[Result "1/2-1/2"]
[WhiteElo "1363"]
[BlackElo "1940"]
[PlyCount "61"]

1. d4 Nf6 2. c4 c5 3. Nf3 cxd4 4. Nxd4 e6 5. e3 b6 6. Be2 Bb7 7. Bf3 Qc7 8.
Bxb7 Qxb7 9. Qf3 Qxf3 10. Nxf3 Bb4+ 11. Bd2 Nc6 12. a3 Be7 13. Nc3 O-O 14. Nb5
a6 15. Nbd4 Rfd8 16. Rc1 Ne4 17. Rc2 Rac8 18. Ke2 Nxd4+ 19. exd4 d5 20. Rhc1
dxc4 21. Rxc4 Rxc4 22. Rxc4 Nxd2 23. Kxd2 f6 24. Rc6 Rd6 25. Rxd6 Bxd6 26. Kd3
Kf7 27. a4 Ke7 28. h3 Kd7 29. Nd2 Kc6 30. Ne4 Be7 31. Kc4 1/2-1/2

[Event "5. Nord-West-Cup"]
[Site "?"]
[Date "2003.??.??"]
[Round "3"]
[White "Szyszka, Arkadi"]
[Black "Meyer, Peter"]
[Result "1-0"]
[WhiteElo "1772"]
[BlackElo "1541"]
[PlyCount "157"]

1. d4 c6 2. c4 d5 3. e3 Nf6 4. Nc3 a6 5. Nf3 Bf5 6. Be2 Nbd7 7. O-O e6 8. Nh4
Bg6 9. f4 Ne4 10. Nf3 f5 11. Nxe4 dxe4 12. Ng5 Qf6 13. Qb3 Rb8 14. c5 Bf7 15.
Bc4 Ke7 16. Bd2 h6 17. Nh3 g5 18. Bc3 Qg6 19. Kh1 g4 20. Ng1 Rg8 21. Ba5 g3 22.
h3 Bg7 23. Rad1 Rgc8 24. Qc2 Bf6 25. Ne2 Qg7 26. b3 Bh5 27. Rd2 Qg6 28. Nc3 Rg8
29. Na4 Rg7 30. Bc7 Rbg8 31. Re1 Bh4 32. Bd6+ Ke8 33. Be2 Bd8 34. Bxh5 Qxh5 35.
b4 Nf6 36. Be5 Qg6 37. Nb2 Rh7 38. Bxf6 Qxf6 39. Nc4 Bc7 40. Ne5 Rgg7 41. a4
Qd8 42. Qd1 h5 43. Qb3 Rh6 44. Red1 Qd5 45. Qc3 Bd8 46. b5 Rhh7 47. bxc6 bxc6
48. Rb2 Rb7 49. Rdb1 Rxb2 50. Rxb2 Ra7 51. Qc2 Bf6 52. Qe2 Rh7 53. Qxa6 Rc7 54.
Rb8+ Bd8 55. Nc4 Ke7 56. Rb7 Kf6 57. Rb8 Kg7 58. Rb2 Bf6 59. Nd6 Re7 60. Kg1
Kg6 61. Qc4 Ra7 62. Qxd5 exd5 63. Ra2 Bd8 64. Kf1 Ba5 65. Ke2 Kf6 66. Kd1 Ke6
67. Kc2 Be1 68. Nc8 Ra6 69. Nb6 Bf2 70. Kd2 Ke7 71. a5 Ke6 72. Nc8 Kd7 73. Nd6
Ke6 74. Nb7 Ke7 75. Rb2 Kd7 76. Rb6 Ra7 77. a6 Ra8 78. Na5 Kc7 79. Rxc6+ 1-0

[Event "5. Nord-West-Cup"]
[Site "?"]
[Date "2003.??.??"]
[Round "3"]
[White "Buntemeyer, Axel"]
[Black "Merettig, Georg"]
[Result "0-1"]
[WhiteElo "1540"]
[BlackElo "1688"]
[PlyCount "82"]

1. c4 Nf6 2. g3 g6 3. Nc3 c5 4. Bg2 Nc6 5. Nf3 Bg7 6. O-O O-O 7. e3 e5 8. Ne1
a6 9. b3 b5 10. Nd3 Rb8 11. cxb5 axb5 12. Nxc5 e4 13. N5xe4 Nxe4 14. Bxe4 b4
15. Bb2 bxc3 16. Bxc3 d5 17. Bxg7 Kxg7 18. Bg2 Ba6 19. Re1 Bd3 20. Qc1 Qf6 21.
Qc3 Qxc3 22. dxc3 Rbd8 23. Red1 Be4 24. a4 Ne5 25. Rd4 f5 26. Rad1 Nf3+ 27.
Bxf3 Bxf3 28. R1d2 Ra8 29. Rf4 Be4 30. f3 g5 31. fxe4 gxf4 32. exd5 fxe3 33.
Rd3 e2 34. Kf2 Rae8 35. Ke1 f4 36. gxf4 Rxf4 37. Rg3+ Kf6 38. Rg1 Rf1+ 39.
Rxf1+ exf1=Q+ 40. Kxf1 Re3 41. b4 Rxc3 0-1

[Event "5. Nord-West-Cup"]
[Site "?"]
[Date "2003.??.??"]
[Round "3"]
[White "Weller, Friedhelm"]
[Black "Meijer, Johannes"]
[Result "1-0"]
[WhiteElo "1672"]
[BlackElo "1500"]
[PlyCount "55"]

1. e4 c6 2. d4 d5 3. e5 Bf5 4. Bd3 e6 5. Bxf5 exf5 6. Nf3 g6 7. Be3 f6 8. Nbd2
g5 9. Nxg5 h5 10. Ne6 Qd7 11. Nxf8 Kxf8 12. f4 b5 13. Nb3 Na6 14. c3 Qg7 15.
O-O Nh6 16. h3 Rg8 17. Qe2 Re8 18. Rf2 Qg3 19. Rf3 Qg6 20. Raf1 Re7 21. Kh1 Rh7
22. Bg1 Qe8 23. a4 Re7 24. axb5 cxb5 25. Ra1 Qc8 26. Bf2 Rg6 27. Qxb5 Ng4 28.
Qxa6 1-0

[Event "5. Nord-West-Cup"]
[Site "?"]
[Date "2003.??.??"]
[Round "3"]
[White "Carstens, Manfred"]
[Black "Otte, Klaus"]
[Result "0-1"]
[WhiteElo "1669"]
[BlackElo "1541"]
[PlyCount "106"]

1. Nf3 Nf6 2. b3 Nc6 3. Bb2 b6 4. g3 Bb7 5. Bg2 d6 6. d4 e5 7. O-O Nxd4 8. Nxd4
Bxg2 9. Kxg2 exd4 10. Qxd4 Be7 11. f4 O-O 12. e4 c5 13. Qd3 d5 14. e5 Ne8 15.
f5 d4 16. Nd2 Qd5+ 17. Qe4 Rd8 18. Rae1 f6 19. e6 Nc7 20. c4 dxc3 21. Bxc3 Nb5
22. Qxd5 Rxd5 23. Ne4 Rfd8 24. Ba1 Nd6 25. Nxd6 R8xd6 26. Re2 b5 27. g4 Kf8 28.
Bc3 b4 29. Be1 a5 30. Bg3 Ra6 31. Rc2 a4 32. bxa4 Rxa4 33. Rf4 Ra3 34. Rfc4
Rad3 35. Bf2 Rd2 36. Kf3 Rxc2 37. Rxc2 g6 38. fxg6 hxg6 39. h4 Bd6 40. Be3 Ke7
41. Bf4 Bxf4 42. Kxf4 Kxe6 43. Rc4 g5+ 44. hxg5 fxg5+ 45. Ke3 Kd6 46. Rc2 Rd4
47. Kf3 Kd5 48. Re2 c4 49. Re8 Rd3+ 50. Ke2 Kd4 51. Rg8 Re3+ 52. Kd2 Re5 53.
Rd8+ Rd5 0-1

[Event "5. Nord-West-Cup"]
[Site "?"]
[Date "2003.??.??"]
[Round "3"]
[White "Strunski, Andreas"]
[Black "Wollin, Torsten"]
[Result "1-0"]
[WhiteElo "1642"]
[BlackElo "1494"]
[PlyCount "65"]

1. e4 c5 2. Nf3 d6 3. d4 cxd4 4. Nxd4 Nf6 5. Nc3 e6 6. Bg5 Be7 7. Be2 Qa5 8.
Qd2 a6 9. Nb3 Qc7 10. O-O-O Rg8 11. Bxf6 gxf6 12. Qh6 Nd7 13. Qxh7 Rxg2 14. Bh5
Ne5 15. Rhg1 Rxf2 16. Rg8+ Bf8 17. Qh8 Qe7 18. Rdg1 Bd7 19. Rxf8+ Qxf8 20. Rg8
Ke7 21. Rxf8 Rxf8 22. Qh6 Rxh2 23. Nd4 Rg8 24. Nf5+ exf5 25. Nd5+ Kd8 26. Qxf6+
Kc8 27. Ne7+ Kc7 28. Nxg8 Rxh5 29. exf5 Rxf5 30. Qh6 Bb5 31. Nf6 Rf2 32. Nd5+
Kd8 33. Qh4+ 1-0

[Event "5. Nord-West-Cup"]
[Site "?"]
[Date "2003.??.??"]
[Round "3"]
[White "Ströcker, Uwe"]
[Black "Lange, Detlef"]
[Result "0-1"]
[WhiteElo "1452"]
[BlackElo "1630"]
[PlyCount "56"]

1. Nc3 e5 2. Nf3 Nc6 3. d4 exd4 4. Nxd4 Qf6 5. Nxc6 dxc6 6. e4 Bb4 7. Bd2 Qg6
8. Qe2 Be6 9. a3 Bxc3 10. Bxc3 Nf6 11. e5 Nd5 12. Qd3 Bf5 13. Qg3 Qxg3 14. fxg3
Nxc3 15. bxc3 Bxc2 16. Bc4 b5 17. Ba2 c5 18. c4 b4 19. axb4 cxb4 20. O-O c5 21.
Rae1 Ke7 22. Rf2 Bg6 23. Bb3 Rhd8 24. Ba4 a5 25. Bc6 Ra6 26. Bd5 a4 27. Rfe2 a3
28. Ra1 b3 0-1

[Event "5. Nord-West-Cup"]
[Site "?"]
[Date "2003.??.??"]
[Round "3"]
[White "Brinkmann, Martin"]
[Black "van Hove, Ode"]
[Result "1-0"]
[WhiteElo "1622"]
[BlackElo "1438"]
[PlyCount "119"]

1. e4 e5 2. f4 d5 3. Nf3 dxe4 4. Nxe5 Bd6 5. d3 Nf6 6. Nc3 Bb4 7. Bd2 Bxc3 8.
Bxc3 O-O 9. Qd2 Nbd7 10. O-O-O Re8 11. b3 Nb6 12. g3 Nbd5 13. Bb2 c6 14. dxe4
Nxe4 15. Qd4 Nef6 16. g4 Qb6 17. Qd2 Ne4 18. Qg2 Nf2 19. Bd4 Ne3 20. Qxf2 Nxd1
21. Bxb6 Nxf2 22. Bxf2 b5 23. h3 f6 24. Nd3 Be6 25. Bg2 Rac8 26. Bxa7 Bd7 27.
Bc5 Re2 28. Bf3 Re6 29. Re1 Rxe1+ 30. Nxe1 Re8 31. Nd3 Ra8 32. Nb4 Re8 33. Bxc6
Bxc6 34. Nxc6 Re1+ 35. Kd2 Rh1 36. Be3 Rxh3 37. g5 fxg5 38. fxg5 Rh1 39. Kc3
Ra1 40. Kb2 Re1 41. Bd2 Re2 42. Kc3 Rh2 43. a3 h6 44. gxh6 gxh6 45. Bxh6 Rxh6
46. Nd4 b4+ 47. Kxb4 Rh5 48. c4 Kf8 49. c5 Ke8 50. Kc4 Kd7 51. b4 Rh4 52. b5
Rg4 53. a4 Kc7 54. a5 Rh4 55. a6 Kb8 56. b6 Rg4 57. Kd5 Rg5+ 58. Kc6 Rg6+ 59.
Kb5 Rg1 60. Nc6+ 1-0

[Event "5. Nord-West-Cup"]
[Site "?"]
[Date "2003.??.??"]
[Round "3"]
[White "Bolduan, Albrecht"]
[Black "Niemann, Heinrich"]
[Result "0-1"]
[WhiteElo "1406"]
[BlackElo "1586"]
[PlyCount "78"]

1. d4 d5 2. e4 dxe4 3. Nc3 Bf5 4. Nge2 Nf6 5. Ng3 e6 6. Nxf5 exf5 7. Bc4 Bb4 8.
Qd2 Nbd7 9. a3 Bxc3 10. Qxc3 Nb6 11. Bg5 h6 12. Bf4 O-O 13. Bb3 Nbd5 14. Qd2
Nxf4 15. Qxf4 Qxd4 16. Rb1 Qc5 17. c3 Rad8 18. Bc2 Qd6 19. Qe3 b6 20. Rd1 Qe5
21. f4 Rxd1+ 22. Bxd1 Nd5 23. Qg3 Qxf4 24. Qxf4 Nxf4 25. O-O Nd3 26. b4 g6 27.
Bc2 Ne5 28. Rd1 Re8 29. Bb3 Kg7 30. a4 Re7 31. Rd8 Rd7 32. Re8 Kf6 33. h3 Rd3
34. Ra8 Rxc3 35. Rxa7 Rxb3 36. Rxc7 Rxb4 37. Rb7 Rxa4 38. Rxb6+ Kg5 39. Rb5 Nd3
0-1